000 00499nam a22001817a 4500
003 NUST - PNEC
005 20170116180810.0
008 150429b xxu||||| |||| 00| 0 eng d
020 _a-
040 _cLIBRARY
082 _a297.63 NAD
100 _93321
_aNadvi, Sayed Suleman
245 _aKhutbat e madaras
_cSayed Suleman Nadvi
260 _aLahore:
_bNashran Quran Ltd.,
300 _a208 p. :
_c20 cm.
650 _93322
_aIslam, Khutbat e seerat tun Nabi (PBUH)
_xGeneral
942 _2ddc
_cBK
999 _c63359
_d63359